Circular Design and Consumer Involvement in Circular Economy
Otázka zapojenia spotrebiteľov do kruhovej ekonómie a zmeny v správaní používateľov. Návrhy stratégií s cieľom zlepšiť obehové hospodárstvo a obchodné modely, ako aj zapojenie spotrebiteľov do obehového hospodárstva. Návrhy požadovaného spotrebiteľského a užívateľského správania, ktoré by viedlo k o...
Enregistré dans:
| Auteur principal: | |
|---|---|
| Format: | Chapitre de livre |
| Langue: | anglais |
| Sujets: | |
| Tags: |
Pas de tags, Soyez le premier à ajouter un tag!
|
MARC
| LEADER | 00000naa a2200000 4500 | ||
|---|---|---|---|
| 001 | 0263395 | ||
| 005 | 20240502074201.2 | ||
| 041 | 0 | |a eng | |
| 044 | |a SK | ||
| 245 | 1 | 0 | |a Circular Design and Consumer Involvement in Circular Economy |c Ľubica Knošková |
| 520 | |a Otázka zapojenia spotrebiteľov do kruhovej ekonómie a zmeny v správaní používateľov. Návrhy stratégií s cieľom zlepšiť obehové hospodárstvo a obchodné modely, ako aj zapojenie spotrebiteľov do obehového hospodárstva. Návrhy požadovaného spotrebiteľského a užívateľského správania, ktoré by viedlo k obehovej ekonomike. | ||
| 610 | 2 | 0 | |a dizajn |
| 610 | 2 | 0 | |a hospodárstvo obehové |
| 610 | 2 | 0 | |a správanie spotrebiteľa |
| 610 | 2 | 0 | |a spotrebitelia |
| 610 | 2 | 0 | |a modely obchodné |
| 100 | 1 | |a Knošková, Ľubica, 1965- | |